000 00793cam a22002411 4500
001 sa 66005367
003 DLC
005 20260227112248.0
008 780905s1965 ii 000 0 eng
010 _asa 66005367
025 _aPL480:I-E-5192
035 _a(OCoLC)4197232
040 _aDLC
_cMiEM
_dOCoLC
_dDLC
042 _apremarc
050 0 0 _aHD5819
_b.B6
100 1 _aBose, Ashish.
245 1 0 _aAspects of working force in India.
260 _a[New Delhi,
_bShri Ram Centre Press,
_c1965]
300 _avii, 27 p.
_c25 cm.
490 1 _aShri Ram Centre for Industrial Relations. Industrial relations statistical series,
_vno. 2
650 0 _aLabor supply
_zIndia.
810 2 _aShri Ram Centre for Industrial Relations, Delhi.
_tIndustrial relations statistical series ;
_vno. 2.
999 _c69914
_d69914